[Event "American Continental 11th"]
[Site "Montevideo"]
[Date "2015.05.22"]
[Round "9"]
[White "Lanzilotta Mernies, Marcelo"]
[Black "Casas, Nicolas"]
[Result "1-0"]
[WhiteElo "2006"]
[BlackElo "1834"]
[PlyCount "119"]
[EventDate "2015.05.15"]
[EventType "swiss"]
[EventRounds "11"]
[EventCountry "URU"]
[SourceTitle "CBM 167"]
[Source "ChessBase"]
[SourceDate "2015.07.13"]
[SourceVersion "1"]
[SourceVersionDate "2015.07.13"]
[SourceQuality "1"]

1. d3 d5 2. f4 Nf6 3. Nf3 Bg4 4. Nbd2 c5 5. e4 dxe4 6. dxe4 Nc6 7. c3 Qc7 8. h3 Bxf3 9. Qxf3 e5 10. Nc4 0-0-0 11. Bd2 Bd6 12. g3 Rhe8 13. f5 h6 14. 0-0-0 Bf8 15. Ne3 Qa5 16. Bc4 Rd7 17. Kb1 b5 18. Bd5 Qb6 19. Be1 Red8 20. Rh2 c4 21. Rhd2 a5 22. g4 Bc5 23. Bf2 Ne7 24. h4 Nexd5 25. exd5 Bxe3 26. Bxe3 Qb7 27. g5 Nxd5 28. Bc5 e4 29. Qh3 Nf4 30. Qe3 Rxd2 31. Rxd2 Rxd2 32. Qxd2 Nd3 33. gxh6 gxh6 34. Qxh6 Qd7 35. Qa6+ Kc7 36. Qb6+ Kc8 37. Qa6+ Kc7 38. Bb6+ Kd6 39. Bd4+ Kd5 40. Qa8+ Kd6 41. Qxe4 Qe7 42. Qxe7+ Kxe7 43. a4 bxa4 44. h5 Kf8 45. Ka2 Kg8 46. Ka3 Kh7 47. Be3 Kg7 48. Kxa4 Nxb2+ 49. Kxa5 Kh7 50. Kb5 Kg7 51. Kc5 Kh7 52. Kd5 Kg7 53. h6+ Kh7 54. Ke5 Nd1 55. Bd4 Kxh6 56. Kf6 Nb2 57. Kxf7 Nd3 58. Ke7 Kh7 59. f6 Nf4 60. f7 1-0